00325 a2200121 450000100060000010000140000624500120002026000280003209000170006094200230007799900190010095200840011945936 aHeaton P aSailing aLondonbNicholas Kayec c29052d29052 aNUST-CAEcMc21172 c281009d281009 001040708NFICaCAEbCAEd2017-04-03l0pCAE38242r2017-04-05w2017-04-05yBK